Logo CIB grande

FERNANDO MARTINEZ, GERENTE DE FINANZAS (Registro nro. 216446)

Detalles MARC
000 -LEADER
campo de control de longitud fija 00879nam a2200229Ia 4500
005 - FECHA Y HORA DE LA ÚLTIMA TRANSACCIÓN
campo de control 20250425161813.0
008 - DATOS DE LONGITUD FIJA--INFORMACIÓN GENERAL
campo de control de longitud fija 250425s9999 xx 000 0 und d
041 ## - CÓDIGO DE IDIOMA
Código de lengua del texto/banda sonora o título independiente spa
082 ## - NÚMERO DE LA CLASIFICACIÓN DECIMAL DEWEY
Número de clasificación 158.7
010 ## - NÚMERO DE CONTROL DE LA BIBLIOTECA DEL CONGRESO
Número de control de LC 30320
100 ## - ENTRADA PRINCIPAL--NOMBRE DE PERSONA
Nombre de persona PALACIOS, PAUL E.
245 #0 - MENCIÓN DEL TÍTULO
Título FERNANDO MARTINEZ, GERENTE DE FINANZAS
250 ## - MENCION DE EDICION
Mención de edición 1A ED.
260 ## - PUBLICACIÓN, DISTRIBUCIÓN, ETC.
Lugar de publicación, distribución, etc. Ecuador
Nombre del editor, distribuidor, etc. ESCUELA DE POSTGRADO EN ADMINISTRACCION DE EMPRESAS: [ESPAE]
Fecha de publicación, distribución, etc. 1990
260 ## - PUBLICACIÓN, DISTRIBUCIÓN, ETC.
Lugar de publicación, distribución, etc. GUAYAQUIL
Nombre del editor, distribuidor, etc. S.E.
300 ## - DESCRIPCIÓN FÍSICA
Extensión 17
500 ## - NOTA GENERAL
Nota general ENCUADERNADO CON17 HOJAS,FOLLETO
520 ## - RESUMEN, ETC.
Sumario, etc. ESTE CASO PUEDE SER UTILIZADO EN VARIAS AREAS DE ESTUDIO COMO ADMINISTRACCION, IMPLEMENTACION DE ESTRATEGIA, GERENCIA DE VENTAS Y EN CURSOS O SEMINARIOS DE ADMINISTRACCION DE INSTITUCIONES FINANCIERAS. FACILITA AL LECTOR LA COMPRENSIONDE LA TEMATICAA
650 ## - PUNTO DE ACCESO ADICIONAL DE MATERIA--TÉRMINO DE MATERIA
Término de materia o nombre geográfico como elemento de entrada COMPORTAMIENTO ORGANIZACIONAL
650 ## - PUNTO DE ACCESO ADICIONAL DE MATERIA--TÉRMINO DE MATERIA
Término de materia o nombre geográfico como elemento de entrada PSICOLOGIA INDUSTRIAL
942 ## - ELEMENTOS DE ENTRADA SECUNDARIOS (KOHA)
Tipo de ítem Koha Libros
Existencias
Estatus retirado Estado de pérdida Estado de daño No para préstamo Biblioteca de origen Biblioteca actual Fecha de adquisición Coste, precio normal de compra Total de préstamos Código de barras Copia número Tipo de ítem Koha
        ESCUELA DE NEGOCIOS ESCUELA DE NEGOCIOS 02/10/2000 0.01   DP-00022 1 Libros
        ESCUELA DE NEGOCIOS ESCUELA DE NEGOCIOS 02/10/2000 0.01   DP-00023 2 Libros

Copyright 2025 ESPOL. Todos los derechos reservados.